000 00484ntaaa2200181 4500
003 01
005 20251027202525.0
008 0714s1973 ag 01
040 _aAR-BaBN
_bspa
_cAR-BaBN
_eaacr
_dRIC
082 _a264.1000 B47
100 _aBierozko, Gregorio
_924183
245 _aLa Oracion y sus frutos
250 _a1 ed.
260 _aBuenos Aires :
_bSeminario Evangelico Bautista,
_c1950
300 _a15 p
500 _aTesis presentada en el Seminario Bautista
942 _cBK
999 _c20256
_d20256